00622 a2200181 4500003000500000005001700005040000900022082001200031100003600043245004500079260003400124300000800158505007200166650005000238942001200288999001900300952012100319Nust20230404123622.0 cNust a942,QUE aMarjore, C.H.B. Quennel9111726 aA History of cberqap things in England / aLondonbUniversty pressc1938 a242 aThe Eighteenth Century (Page-1), The Nineteenth Century (Page-107). aA history of cberqap things in englaw9111727 2ddccBK c186537d186537 00102ddc4070aMCSbMCScGENd2016-12-12o942,QUEpMCS29177r2016-12-08w2016-12-12yBKzAlmirah No.75, Shelf No.6